00725cam a22002171 4500001001300000003000400013005001700017008004100034010001700075035002000092040001800112042001200130050002000142110006100162245008000223260003400303300001800337650005100355810008400406999001700490sa 67000358 DLC20260227112314.0890514s1957 io 000 0 ind  asa 67000358  a(OCoLC)23544801 aDLCcMiUdDLC apremarc00aBP184.9.B5bI531 aIndonesia.bMadjelis Pertimbangan Kesehatan dan SjaraŹ».10aSoal pemindahan darah: ditindjau dari segi ilmu kedokteran dan hukum agama. a[Djakarta]bDjambatan,c1957. a45 p.c20 cm. 0aBloodxTransfusionxMoral and ethical aspects.1 aIndonesia.bMadjelis Pertimbangan Kesehatan dan SjaraŹ».tFatwa ;v1956, no. 6. c71934d71934